Spell the X-Man #1 - Statistics

General Stats
  • This quiz has been taken 12 times
  • The average score is 5 of 6
Answer Stats
Picture Answer % Correct
Emma Frost
100%
Angel
92%
Banshee
92%
Storm
92%
Beast
75%
Thunderbird
50%
No matching quizzes found
Score Distribution
Percent of People with Each Score
Percentile by Number Answered
Your Score History
You have not taken this quiz